| 000 | 00597nam a22001937a 4500 | ||
|---|---|---|---|
| 003 | OSt | ||
| 005 | 20180116183106.0 | ||
| 008 | 170824b xxu||||| |||| 00| 0 eng d | ||
| 020 | _a0821342371 | ||
| 022 | _202537494 | ||
| 040 | _c0 | ||
| 082 | _a388.114 HEG 1998 | ||
| 100 | _aIan G. Heggie Piers Vickers | ||
| 245 |
_aCommercial Management and Financing of Roads _bWorld Bank Technical Paper No. 409 _cIan G. Heggie Piers Vickers |
||
| 260 |
_aUSA _bWorld Bank _c1998 |
||
| 300 |
_a158p. _cpb |
||
| 440 | _aCommercial Management and Financing of Roads | ||
| 942 |
_2ddc _cBK _k388.114 HEG 1998 |
||
| 999 |
_c352077 _d352077 |
||